01361nam a2200241 a 450000100100000000500170001000800410002702000150006804000250008308200200010810000570012824500590018526000360024430000210028050504200030159000750072165000290079665000320082591000370085704900090089495201990090399900170110200003496520240411074013.0111024s1992 ck 000 f spa d a9580600074 aDO-SdBNPbspacBNPHU aCo863.44bG216d1 aGarcía Márquez, Gabriel,b1928-2014d1928-9180410aDoce cuentos peregrinos /cGabriel García Márquez. aBogotá :bOveja Negra,c1992. a226 p. ;c22 cm.0 aPorqué doce, porqué cuentos y porqué peregrinos --tBuen viaje, señor presidente --tLa santa --tEl avión de la bella durmiente. --tMe alguilo para soñar --tSólo vine a hablar por teléfono --tEspantos de agosto --tMaría dos Prazeres --tDiecisiete ingleses envenenados --tTramontana --tEl verano feliz de la señora Forbes --tLa luz es como el agua --tEl rastro de tu sangre en la nieve. aPerteneció a la biblioteca personal de Juan Isidro Jimenes Grullón 0aCuentos dominicanos9176 4aLiteratura colombiana91244 aValidado. Control de calidad MFF aBNGR 001052708MOaGRbGRcHDd2011-10-24iLF1l0oCo863.44 G216dp34965-10r2020-06-25w2020-06-25y2zPerteneció a la biblioteca personal de Juan Isidro Jiménes GrullónZPréstamo interno c34456d34456